Hungarian Geographical Bulletin

Guardado en:
Detalles Bibliográficos
Formato: Seriadas
Lenguaje:inglés
Publicado: Budapest MTA Research Centre for Astronomy and Earth Sciences, Hungarian Academy of Sciences
Etiquetas: Agregar Etiqueta
Sin Etiquetas, Sea el primero en etiquetar este registro!

MARC

LEADER 00000nas1a2200000 4500
001 0248769
005 20250701092117.8
022 |a 2064-5147 
022 |a 2064-5031 
041 0 |a eng 
044 |a HU 
245 1 0 |a Hungarian Geographical Bulletin 
264 1 |a Budapest  |b MTA Research Centre for Astronomy and Earth Sciences, Hungarian Academy of Sciences